Central American labor migration: 1980-2000 /
Đã lưu trong:
| Tác giả chính: | |
|---|---|
| Định dạng: | Texto |
| Những chủ đề: | |
| Các nhãn: |
Thêm thẻ
Không có thẻ, Là người đầu tiên thẻ bản ghi này!
|
MARC
| LEADER | 00000 a a2200000 04500 | ||
|---|---|---|---|
| 001 | 4960 | ||
| 003 | |||
| 040 | |||
| 100 | |a Peña López, Ana Alicia | ||
| 245 | |a Central American labor migration: 1980-2000 / |c Ana Alicia Peña López | ||
| 650 | |a MIGRACION INTERNACIONAL | ||
| 650 | |a CONDICIONES SOCIALES | ||
| 650 | |a ASPECTOS POLITICOS | ||
| 650 | |a CALIDAD DE LA VIDA | ||
| 650 | |2 Macrothesaurus de la OCDE | ||
| 650 | |a POLITICA MIGRATORIA | ||
| 650 | |a AMERICA CENTRAL | ||
| 773 | |g número 8 Spring; páginas 3-13 | ||
| 999 | |c 23158 |d 23158 | ||
